000 00854nam a2200241 a 4500
001 52814
003 BD-RjUL
005 20211209075850.0
008 160927s2001 th ab b i000 0 eng
020 _a9280720171
035 _a(BD-RjUL)52934
040 _aDLC
_cDLC
_dDLC
_beng
041 _aeng
082 _223
_a577.95492
_bBAN 2001
245 0 0 _a Bangladesh :
_bState of the environment, 2001 /
260 _aPathumthani, Thailand :
_bUnited Nations Environment Programme :
_bDistributed by United Nations Environment Programme, Regional Resource Centre for Asia and the Pacific,
_cc2001.
300 _a50 p. :
_b ill., ;
_c31 cm.
504 _aIncludes bibliographical references.
650 _aEcology
_zBangladesh
_9124448
710 2 _aUnited Nations Environment Programme.
_9157934
942 _2ddc
_cBK
999 _c52814
_d52814